[Event "Murta"]
[Site "Xativa"]
[Date "2017.07.20"]
[Round "3.3"]
[White "Camarena Gimenez, Rufino"]
[Black "Bas Mas, Miguel"]
[Result "1-0"]
[ECO "D66"]
[WhiteElo "2383"]
[BlackElo "2244"]
[PlyCount "65"]
[EventDate "2017.??.??"]

1. d4 {[%clk 1:30:55]} 1... d5 {[%clk 1:30:29]} 2. c4 {[%clk 1:30:42]} 2... e6
{[%clk 1:30:37]} 3. Nc3 {[%clk 1:29:31]} 3... Nf6 {[%clk 1:30:18]} 4. Bg5 {
[%clk 1:29:08]} 4... Be7 {[%clk 1:26:39]} 5. e3 {[%clk 1:29:00]} 5... O-O {
[%clk 1:26:42]} 6. Nf3 {[%clk 1:29:00]} 6... Nbd7 {[%clk 1:21:32]} 7. Rc1 {
[%clk 1:29:01]} 7... c6 {[%clk 1:18:42]} 8. Bd3 {[%clk 1:29:05]} 8... h6 {
[%clk 1:16:09]} 9. Bh4 {[%clk 1:24:19]} 9... b6 {[%clk 1:13:48]} 10. O-O {
[%clk 1:08:18]} 10... Bb7 {[%clk 1:08:48]} 11. cxd5 {[%clk 1:04:22]} 11... Nxd5
{[%clk 0:53:48]} 12. Bxe7 {[%clk 1:01:21]} 12... Qxe7 {[%clk 0:53:16]} 13. Nxd5
{[%clk 0:53:35]} 13... exd5 {[%clk 0:52:59]} 14. Bf5 {[%clk 0:53:17]} 14...
Rfd8 {[%clk 0:42:11]} 15. Qa4 {[%clk 0:51:49]} 15... f6 {[%clk 0:38:17]} 16.
Rfe1 {[%clk 0:44:14]} 16... Qd6 {[%clk 0:21:20]} 17. Rc3 {[%clk 0:34:36]} 17...
a5 {[%clk 0:13:21]} 18. Bb1 {[%clk 0:24:04]} 18... Rac8 {[%clk 0:09:45]} 19.
Nh4 {[%clk 0:23:27]} 19... c5 {[%clk 0:09:01]} 20. Nf5 {[%clk 0:22:27]} 20...
Qe6 {[%clk 0:08:52]} 21. dxc5 {[%clk 0:22:18]} 21... d4 {[%clk 0:03:28]} 22.
Nxd4 {[%clk 0:19:03]} 22... Qd5 {[%clk 0:03:56]} 23. c6 {[%clk 0:18:45]} 23...
Ba8 {[%clk 0:02:51]} 24. Qc2 {[%clk 0:17:09]} 24... Nf8 {[%clk 0:03:20]} 25. a3
{[%clk 0:16:46]} 25... Re8 {[%clk 0:02:27]} 26. Rc1 {[%clk 0:14:41]} 26... Re5
{[%clk 0:02:36]} 27. b4 {[%clk 0:14:58]} 27... Kh8 {[%clk 0:02:41]} 28. Ba2 {
[%clk 0:15:06]} 28... Qd6 {[%clk 0:03:10]} 29. b5 {[%clk 0:15:18]} 29... Nh7 {
[%clk 0:02:11]} 30. f4 {[%clk 0:13:34]} 30... Ree8 {[%clk 0:02:40]} 31. Nf5 {
[%clk 0:13:19]} 31... Qc7 {[%clk 0:03:09]} 32. Rd1 {[%clk 0:13:22]} 32... Rcd8
{[%clk 0:03:07]} 33. Rcd3 {[%clk 0:13:26]} 1-0

[Event "Murta"]
[Site "Xativa"]
[Date "2017.07.20"]
[Round "3.4"]
[White "Valmana Canto, Jaime"]
[Black "Insa Alfonso, Pablo"]
[Result "1-0"]
[ECO "B31"]
[WhiteElo "2356"]
[BlackElo "2228"]
[PlyCount "95"]
[EventDate "2017.??.??"]

1. e4 {[%clk 1:30:56]} 1... c5 {[%clk 1:30:31]} 2. Nf3 {[%clk 1:29:28]} 2...
Nc6 {[%clk 1:30:44]} 3. Bb5 {[%clk 1:29:48]} 3... g6 {[%clk 1:30:57]} 4. Bxc6 {
[%clk 1:29:54]} 4... dxc6 {[%clk 1:30:12]} 5. d3 {[%clk 1:29:44]} 5... Bg7 {
[%clk 1:30:15]} 6. O-O {[%clk 1:28:05]} 6... e5 {[%clk 1:30:13]} 7. Be3 {
[%clk 1:27:35]} 7... Qe7 {[%clk 1:30:34]} 8. a3 {[%clk 1:20:43]} 8... f5 {
[%clk 1:20:03]} 9. b4 {[%clk 1:19:06]} 9... f4 {[%clk 1:19:59]} 10. Bd2 {
[%clk 1:15:30]} 10... g5 {[%clk 1:12:03]} 11. Ne1 {[%clk 1:13:11]} 11... h5 {
[%clk 1:05:05]} 12. bxc5 {[%clk 1:09:46]} 12... Bg4 {[%clk 1:01:35]} 13. f3 {
[%clk 0:59:52]} 13... Be6 {[%clk 1:00:54]} 14. d4 {[%clk 0:56:25]} 14... Qd7 {
[%clk 0:51:42]} 15. d5 {[%clk 0:48:07]} 15... cxd5 {[%clk 0:50:21]} 16. exd5 {
[%clk 0:48:30]} 16... Qxd5 {[%clk 0:49:03]} 17. Nc3 {[%clk 0:47:04]} 17... Qd4+
{[%clk 0:47:52]} 18. Kh1 {[%clk 0:42:09]} 18... e4 {[%clk 0:41:20]} 19. fxe4 {
[%clk 0:42:33]} 19... Qc4 {[%clk 0:41:26]} 20. Nf3 {[%clk 0:27:11]} 20... O-O-O
{[%clk 0:31:31]} 21. e5 {[%clk 0:21:20]} 21... h4 {[%clk 0:26:07]} 22. Nxg5 {
[%clk 0:09:57]} 22... h3 {[%clk 0:26:27]} 23. gxh3 {[%clk 0:09:19]} 23... Bd7 {
[%clk 0:24:01]} 24. Nce4 {[%clk 0:06:27]} 24... Bc6 {[%clk 0:16:59]} 25. Qg4+ {
[%clk 0:06:33]} 25... Kb8 {[%clk 0:16:25]} 26. Qxf4 {[%clk 0:06:25]} 26... Rf8
{[%clk 0:15:40]} 27. Qxf8+ {[%clk 0:04:01]} 27... Bxf8 {[%clk 0:16:08]} 28.
Rxf8+ {[%clk 0:04:29]} 28... Kc7 {[%clk 0:16:27]} 29. Rf7+ {[%clk 0:02:04]}
29... Kc8 {[%clk 0:15:28]} 30. Rf8+ {[%clk 0:02:31]} 30... Kd7 {[%clk 0:07:11]}
31. Re1 {[%clk 0:02:05]} 31... Rh4 {[%clk 0:06:51]} 32. e6+ {[%clk 0:01:04]}
32... Ke7 {[%clk 0:07:20]} 33. Rf7+ {[%clk 0:01:16]} 33... Ke8 {[%clk 0:07:35]}
34. Bf4 {[%clk 0:01:39]} 34... Qxc5 {[%clk 0:05:57]} 35. Nf3 {[%clk 0:00:57]}
35... Bxe4 {[%clk 0:05:57]} 36. Rxe4 {[%clk 0:01:17]} 36... Qf2 {[%clk 0:05:30]
} 37. Bd6 {[%clk 0:01:13]} 37... Ne7 {[%clk 0:01:09]} 38. Nxh4 {[%clk 0:01:31]}
38... Qxc2 {[%clk 0:01:17]} 39. Rxe7+ {[%clk 0:01:49]} 39... Kd8 {
[%clk 0:01:35]} 40. Rd7+ {[%clk 0:02:01]} 40... Ke8 {[%clk 0:01:55]} 41. Rf4 {
[%clk 0:01:48]} 41... Qd1+ {[%clk 0:01:22]} 42. Kg2 {[%clk 0:01:59]} 42... Qd2+
{[%clk 0:01:37]} 43. Rf2 {[%clk 0:00:53]} 43... Qg5+ {[%clk 0:01:17]} 44. Bg3 {
[%clk 0:01:15]} 44... Qe3 {[%clk 0:01:32]} 45. Rdd2 {[%clk 0:01:25]} 45... Qe4+
{[%clk 0:01:28]} 46. Nf3 {[%clk 0:01:52]} 46... Qg6 {[%clk 0:00:56]} 47. Rfe2 {
[%clk 0:02:16]} 47... Ke7 {[%clk 0:01:13]} 48. Rd7+ 1-0

[Event "Murta"]
[Site "Xativa"]
[Date "2017.07.20"]
[Round "3.5"]
[White "Fenollar Jorda, Manuel"]
[Black "Silva Rodriguez, Fernando"]
[Result "1-0"]
[ECO "D00"]
[WhiteElo "2335"]
[BlackElo "2216"]
[PlyCount "127"]
[EventDate "2017.??.??"]

1. d4 {[%clk 1:23:53]} 1... d5 {[%clk 1:30:29]} 2. Bf4 {[%clk 1:24:10]} 2...
Nf6 {[%clk 1:30:43]} 3. e3 {[%clk 1:24:27]} 3... c5 {[%clk 1:31:05]} 4. c3 {
[%clk 1:23:10]} 4... Nc6 {[%clk 1:30:33]} 5. Nd2 {[%clk 1:23:19]} 5... cxd4 {
[%clk 1:29:17]} 6. exd4 {[%clk 1:23:10]} 6... Bf5 {[%clk 1:29:38]} 7. Ngf3 {
[%clk 1:22:49]} 7... e6 {[%clk 1:28:24]} 8. Qb3 {[%clk 1:21:54]} 8... Qc8 {
[%clk 1:28:48]} 9. Ne5 {[%clk 1:00:31]} 9... Be7 {[%clk 1:26:25]} 10. Nxc6 {
[%clk 0:49:11]} 10... bxc6 {[%clk 1:26:39]} 11. Qa4 {[%clk 0:48:08]} 11... a5 {
[%clk 1:11:41]} 12. Nf3 {[%clk 0:47:59]} 12... Nd7 {[%clk 1:06:23]} 13. Qd1 {
[%clk 0:42:57]} 13... O-O {[%clk 1:06:19]} 14. Bd3 {[%clk 0:42:43]} 14... Bg6 {
[%clk 1:02:17]} 15. Bxg6 {[%clk 0:37:58]} 15... hxg6 {[%clk 1:02:40]} 16. h4 {
[%clk 0:35:32]} 16... Re8 {[%clk 0:42:44]} 17. h5 {[%clk 0:24:35]} 17... e5 {
[%clk 0:33:41]} 18. Nxe5 {[%clk 0:14:56]} 18... g5 {[%clk 0:29:54]} 19. Bg3 {
[%clk 0:13:53]} 19... Bf6 {[%clk 0:26:51]} 20. O-O {[%clk 0:12:48]} 20... Nxe5
{[%clk 0:27:00]} 21. dxe5 {[%clk 0:13:14]} 21... Bxe5 {[%clk 0:27:21]} 22. Bxe5
{[%clk 0:10:29]} 22... Rxe5 {[%clk 0:27:45]} 23. Re1 {[%clk 0:10:57]} 23...
Rxe1+ {[%clk 0:25:18]} 24. Qxe1 {[%clk 0:11:25]} 24... Qg4 {[%clk 0:25:32]} 25.
Qd1 {[%clk 0:11:33]} 25... Qe4 {[%clk 0:20:37]} 26. Qe1 {[%clk 0:10:10]} 26...
Qg4 {[%clk 0:13:17]} 27. Qe7 {[%clk 0:08:35]} 27... Qxh5 {[%clk 0:08:55]} 28.
Qb7 {[%clk 0:08:04]} 28... Re8 {[%clk 0:09:21]} 29. Qxc6 {[%clk 0:06:24]} 29...
Re6 {[%clk 0:08:19]} 30. Qxd5 {[%clk 0:06:45]} 30... Rh6 {[%clk 0:08:44]} 31.
Qd8+ {[%clk 0:07:11]} 31... Kh7 {[%clk 0:09:05]} 32. Qd3+ {[%clk 0:07:36]}
32... Kg8 {[%clk 0:09:15]} 33. Qd8+ {[%clk 0:07:39]} 33... Kh7 {[%clk 0:09:39]}
34. Qd3+ {[%clk 0:08:06]} 34... Kg8 {[%clk 0:08:36]} 35. Qh3 {[%clk 0:08:10]}
35... Qe2 {[%clk 0:07:51]} 36. Qc8+ {[%clk 0:07:41]} 36... Kh7 {[%clk 0:08:19]}
37. Qf5+ {[%clk 0:08:03]} 37... Kg8 {[%clk 0:08:01]} 38. Qxa5 {[%clk 0:04:49]}
38... g4 {[%clk 0:04:45]} 39. Qd8+ {[%clk 0:04:06]} 39... Kh7 {[%clk 0:05:05]}
40. Rd1 {[%clk 0:04:09]} 40... Qe5 {[%clk 0:04:38]} 41. Qd3+ {[%clk 0:03:49]}
41... g6 {[%clk 0:04:46]} 42. Qd5 {[%clk 0:02:28]} 42... Qf6 {[%clk 0:02:18]}
43. Qd7 {[%clk 0:01:12]} 43... Qf4 {[%clk 0:02:06]} 44. Qd6 {[%clk 0:01:20]}
44... Qf5 {[%clk 0:02:16]} 45. Qd7 {[%clk 0:00:38]} 45... Qf4 {[%clk 0:02:41]}
46. Qd6 {[%clk 0:00:56]} 46... Qf5 {[%clk 0:03:03]} 47. a4 {[%clk 0:01:09]}
47... Qh5 {[%clk 0:02:46]} 48. Kf1 {[%clk 0:01:20]} 48... g3 {[%clk 0:00:34]}
49. fxg3 {[%clk 0:01:08]} 49... g5 {[%clk 0:00:51]} 50. Qd3+ {[%clk 0:01:21]}
50... Kg7 {[%clk 0:01:18]} 51. Qd4+ {[%clk 0:01:27]} 51... Kh7 {[%clk 0:00:36]}
52. Kf2 {[%clk 0:01:22]} 52... g4 {[%clk 0:00:33]} 53. Re1 {[%clk 0:01:08]}
53... Qg5 {[%clk 0:00:37]} 54. Qe4+ {[%clk 0:01:27]} 54... Rg6 {[%clk 0:00:34]}
55. Kg1 {[%clk 0:01:27]} 55... Qc5+ {[%clk 0:00:49]} 56. Qd4 {[%clk 0:01:42]}
56... Qf5 {[%clk 0:00:42]} 57. b4 {[%clk 0:01:41]} 57... Qh5 {[%clk 0:00:40]}
58. Re8 {[%clk 0:01:45]} 58... Rg7 {[%clk 0:00:40]} 59. Qe4+ {[%clk 0:02:12]}
59... f5 {[%clk 0:00:53]} 60. Qe5 {[%clk 0:01:42]} 60... Qg5 {[%clk 0:01:03]}
61. Qe3 {[%clk 0:01:54]} 61... Qf6 {[%clk 0:00:51]} 62. Re6 {[%clk 0:02:08]}
62... Qf7 {[%clk 0:00:52]} 63. Rh6+ {[%clk 0:02:28]} 63... Kg8 {[%clk 0:01:16]}
64. Qe6 {[%clk 0:02:52]} 1-0

[Event "Murta"]
[Site "Xativa"]
[Date "2017.07.20"]
[Round "3.6"]
[White "Megias Chafer, Alejandro"]
[Black "Silva Rodriguez, Julio Jose"]
[Result "1-0"]
[ECO "C01"]
[WhiteElo "2118"]
[BlackElo "2334"]
[PlyCount "87"]
[EventDate "2017.??.??"]

1. e4 {[%clk 1:30:56]} 1... e6 {[%clk 1:30:43]} 2. d4 {[%clk 1:31:13]} 2... d5
{[%clk 1:31:06]} 3. exd5 {[%clk 1:31:09]} 3... exd5 {[%clk 1:31:27]} 4. Bd3 {
[%clk 1:30:46]} 4... c5 {[%clk 1:31:35]} 5. Qe2+ {[%clk 1:29:35]} 5... Be7 {
[%clk 1:26:33]} 6. dxc5 {[%clk 1:28:15]} 6... Nf6 {[%clk 1:26:50]} 7. Nd2 {
[%clk 1:22:09]} 7... O-O {[%clk 1:26:28]} 8. Nb3 {[%clk 1:21:59]} 8... Re8 {
[%clk 1:24:40]} 9. Be3 {[%clk 1:22:13]} 9... Ng4 {[%clk 1:20:06]} 10. Nf3 {
[%clk 1:20:13]} 10... Nxe3 {[%clk 1:13:29]} 11. fxe3 {[%clk 1:20:16]} 11... Bg4
{[%clk 1:12:23]} 12. Bb5 {[%clk 1:12:53]} 12... Nc6 {[%clk 1:08:59]} 13. O-O-O
{[%clk 1:11:13]} 13... Bg5 {[%clk 1:07:18]} 14. Rd3 {[%clk 1:11:15]} 14... Bf5
{[%clk 1:02:47]} 15. Rhd1 {[%clk 1:06:56]} 15... Bxd3 {[%clk 1:02:16]} 16. Rxd3
{[%clk 1:07:09]} 16... Bh6 {[%clk 0:58:59]} 17. Kb1 {[%clk 1:04:19]} 17... Rc8
{[%clk 0:53:39]} 18. c4 {[%clk 1:00:05]} 18... Nb4 {[%clk 0:39:23]} 19. Bxe8 {
[%clk 0:56:59]} 19... Qxe8 {[%clk 0:39:44]} 20. Rc3 {[%clk 0:55:11]} 20... Qe4+
{[%clk 0:33:59]} 21. Ka1 {[%clk 0:54:57]} 21... Rd8 {[%clk 0:32:18]} 22. a3 {
[%clk 0:48:04]} 22... Nc6 {[%clk 0:32:16]} 23. Nfd2 {[%clk 0:45:23]} 23... Qe5
{[%clk 0:31:06]} 24. cxd5 {[%clk 0:45:35]} 24... Rxd5 {[%clk 0:28:58]} 25. Nc4
{[%clk 0:44:53]} 25... Qxh2 {[%clk 0:27:55]} 26. Nd6 {[%clk 0:42:02]} 26... Re5
{[%clk 0:22:48]} 27. Qf3 {[%clk 0:37:47]} 27... Re7 {[%clk 0:14:04]} 28. Nxb7 {
[%clk 0:36:44]} 28... Qc7 {[%clk 0:13:04]} 29. Nd6 {[%clk 0:36:30]} 29... g6 {
[%clk 0:13:27]} 30. Nd4 {[%clk 0:30:00]} 30... Nd8 {[%clk 0:12:51]} 31. N6b5 {
[%clk 0:26:45]} 31... Qc8 {[%clk 0:11:28]} 32. c6 {[%clk 0:23:53]} 32... a6 {
[%clk 0:11:16]} 33. c7 {[%clk 0:22:15]} 33... axb5 {[%clk 0:11:28]} 34. cxd8=Q+
{[%clk 0:20:19]} 34... Qxd8 {[%clk 0:11:46]} 35. Nc6 {[%clk 0:20:37]} 35... Qd7
{[%clk 0:11:32]} 36. Nxe7+ {[%clk 0:20:49]} 36... Qxe7 {[%clk 0:11:58]} 37. Rb3
{[%clk 0:19:50]} 37... Qc5 {[%clk 0:11:49]} 38. Qe2 {[%clk 0:19:36]} 38... f5 {
[%clk 0:11:31]} 39. Qxb5 {[%clk 0:19:33]} 39... Qxb5 {[%clk 0:11:46]} 40. Rxb5
{[%clk 0:19:59]} 40... Bxe3 {[%clk 0:12:11]} 41. Kb1 {[%clk 0:20:04]} 41... h5
{[%clk 0:12:31]} 42. Kc2 {[%clk 0:20:26]} 42... Kf7 {[%clk 0:12:41]} 43. Kd3 {
[%clk 0:20:41]} 43... Bc1 {[%clk 0:12:55]} 44. a4 {[%clk 0:21:00]} 1-0

[Event "Murta Xativa"]
[Site "Hotel Murta, Calle Catedrátic"]
[Date "2017.07.19"]
[Round "3.7"]
[White "Nieves Cabanes, Jose Manuel"]
[Black "Costa Grau, Adrian"]
[Result "1-0"]
[ECO "A11"]
[WhiteElo "2277"]
[BlackElo "1929"]
[PlyCount "55"]
[EventDate "2017.07.17"]

1. Nf3 d5 2. c4 c6 3. e3 e6 4. b3 f5 5. Bb2 Nf6 6. Nc3 Bd6 7. Qc2 O-O 8. Be2
Qe7 9. O-O e5 10. cxd5 Nxd5 11. Bc4 Be6 12. e4 Nb4 13. Bxe6+ Qxe6 14. Qb1 f4
15. d4 Nd7 16. a3 Na6 17. b4 h6 18. d5 Qe7 19. dxc6 bxc6 20. Qd3 Nc7 21. Rfd1
Rf6 22. Qc4+ Qe6 23. Qxc6 Nb6 24. Na4 Nxa4 25. Qxa4 Rg6 26. Nh4 Qg4 27. Nxg6 f3
28. Qb3+ 1-0

[Event "Murta Xativa"]
[Site "Hotel Murta, Calle Catedrátic"]
[Date "2017.07.19"]
[Round "3.8"]
[White "Gomar Juan, Miguel"]
[Black "Ibanez Aullana, Ramon"]
[Result "0-1"]
[ECO "E61"]
[WhiteElo "1864"]
[BlackElo "2274"]
[PlyCount "94"]
[EventDate "2017.07.17"]

1. d4 Nf6 2. Nf3 d6 3. c4 g6 4. Nc3 Bf5 5. Nd2 e5 6. d5 a5 7. e4 Bd7 8. a4 Na6
9. Nb3 Bg7 10. Be2 O-O 11. Bg5 b6 12. O-O h6 13. Be3 Ne8 14. Qd2 Kh7 15. f4
exf4 16. Rxf4 Qe7 17. Bd4 Be5 18. Bxe5 dxe5 19. Rf2 Nc5 20. Nxc5 Qxc5 21. Raf1
Kg7 22. Kh1 Nd6 23. b3 Qd4 24. Qd3 f6 25. Qg3 Nxe4 26. Nxe4 Qxe4 27. Bf3 Qd3
28. d6 c6 29. Qh4 g5 30. Qh5 Qg6 31. Qxg6+ Kxg6 32. g4 Kg7 33. Be4 Bxg4 34.
Bxc6 Rad8 35. Rd2 f5 36. d7 Rf6 37. Bb5 e4 38. c5 bxc5 39. h3 Bxh3 40. Rfd1 f4
41. Rd6 f3 42. Kh2 Bf5 43. Kg3 h5 44. R6d5 f2 45. Re5 e3 46. Rc1 Bxd7 47. Rxg5+
Kh6 0-1

[Event "Murta Xativa"]
[Site "Hotel Murta, Calle Catedrátic"]
[Date "2017.07.19"]
[Round "3.9"]
[White "Sanz Garcia, Roberto"]
[Black "Plaskett, H James"]
[Result "0-1"]
[ECO "B23"]
[WhiteElo "1964"]
[BlackElo "2463"]
[PlyCount "84"]
[EventDate "2017.07.17"]

1. e4 c5 2. Nc3 Nc6 3. Bb5 Nd4 4. Bc4 e6 5. Nge2 Nf6 6. O-O d5 7. exd5 exd5 8.
Nxd5 Nxd5 9. Nxd4 cxd4 10. Qh5 Be7 11. Qxd5 O-O 12. Qxd8 Rxd8 13. Re1 Be6 14.
Bxe6 fxe6 15. d3 Kf7 16. Bf4 Rac8 17. Rac1 Rc6 18. Be5 Rd5 19. f4 Bf6 20. Bxf6
gxf6 21. a4 Ra5 22. b3 f5 23. Re2 Rac5 24. b4 Rc3 25. b5 Rb6 26. Rb1 a5 27. Rb3
Rd6 28. Kf1 Rd5 29. Ke1 Rdc5 30. Kd1 b6 31. h3 h5 32. Rxc3 Rxc3 33. g4 hxg4 34.
hxg4 fxg4 35. Re4 g3 36. Ke1 Rxc2 37. Kf1 Kf6 38. Rxd4 Kf5 39. Rd6 Kg4 40. Rxe6
Kf3 41. Re1 g2+ 42. Kg1 Rc8 0-1

[Event "Murta Xativa"]
[Site "Hotel Murta, Calle Catedrátic"]
[Date "2017.07.19"]
[Round "3.10"]
[White "Cebrian Flores, Juan Antonio"]
[Black "Raimundo Medina, Fermin"]
[Result "1-0"]
[ECO "D01"]
[WhiteElo "2044"]
[BlackElo "1860"]
[PlyCount "75"]
[EventDate "2017.07.17"]

1. d4 Nf6 2. Nc3 d5 3. Bg5 Nbd7 4. Qd3 c6 5. Nf3 Qa5 6. g3 Ne4 7. Bg2 Nxg5 8.
Nxg5 g6 9. h4 Nf6 10. O-O Bg7 11. Rfe1 O-O 12. e4 dxe4 13. Ngxe4 Bf5 14. Qc4
Rad8 15. Nc5 Qc7 16. Ne2 Nd5 17. c3 Rfe8 18. Qa4 b5 19. Qb3 e5 20. a4 bxa4 21.
Qxa4 Re7 22. Rad1 e4 23. Ra1 Qc8 24. Qa6 Qc7 25. Qa5 Qc8 26. Qa6 Qc7 27. Nc1 e3
28. f4 Rde8 29. N1d3 Bxd3 30. Nxd3 f6 31. Re2 Qb6 32. Qc4 Qd8 33. Qxc6 Rd7 34.
Nc5 Rd6 35. Bxd5+ Rxd5 36. Rxa7 Bf8 37. Ne6 Qd6 38. Qxe8 1-0

[Event "Murta"]
[Site "Xativa"]
[Date "2017.07.20"]
[Round "4.1"]
[White "Fenollar Jorda, Manuel"]
[Black "Cruz Lledo, Pablo"]
[Result "0-1"]
[ECO "D00"]
[WhiteElo "2335"]
[BlackElo "2448"]
[PlyCount "60"]
[EventDate "2017.??.??"]

1. d4 {[%clk 1:30:58]} 1... d5 {[%clk 1:29:28]} 2. Bf4 {[%clk 1:31:16]} 2...
Nf6 {[%clk 1:29:53]} 3. e3 {[%clk 1:31:42]} 3... e6 {[%clk 1:30:14]} 4. Bd3 {
[%clk 1:31:30]} 4... Bd6 {[%clk 1:30:37]} 5. Bg3 {[%clk 1:31:51]} 5... O-O {
[%clk 1:30:56]} 6. Nd2 {[%clk 1:31:53]} 6... b6 {[%clk 1:31:22]} 7. c3 {
[%clk 1:25:41]} 7... Bb7 {[%clk 1:31:38]} 8. Qb1 {[%clk 1:23:59]} 8... c5 {
[%clk 1:31:05]} 9. Ngf3 {[%clk 1:24:10]} 9... Nc6 {[%clk 1:29:09]} 10. O-O {
[%clk 1:21:17]} 10... Ne7 {[%clk 1:28:27]} 11. dxc5 {[%clk 1:14:47]} 11... bxc5
{[%clk 1:26:33]} 12. e4 {[%clk 1:15:12]} 12... Bxg3 {[%clk 1:26:33]} 13. hxg3 {
[%clk 1:15:12]} 13... Ng6 {[%clk 1:25:37]} 14. exd5 {[%clk 1:12:58]} 14... exd5
{[%clk 1:25:18]} 15. c4 {[%clk 1:07:49]} 15... Rb8 {[%clk 1:25:18]} 16. cxd5 {
[%clk 1:07:49]} 16... Qxd5 {[%clk 1:25:18]} 17. Bc4 {[%clk 1:07:49]} 17... Qh5
{[%clk 1:15:17]} 18. Rc1 {[%clk 0:55:22]} 18... Ng4 {[%clk 1:14:02]} 19. Nf1 {
[%clk 0:55:10]} 19... Bxf3 {[%clk 1:00:52]} 20. gxf3 {[%clk 0:55:10]} 20...
N4e5 {[%clk 1:01:16]} 21. Nh2 {[%clk 0:50:34]} 21... Rfd8 {[%clk 0:57:20]} 22.
f4 {[%clk 0:39:36]} 22... Rd2 {[%clk 0:45:14]} 23. fxe5 {[%clk 0:21:04]} 23...
Rbxb2 {[%clk 0:44:03]} 24. g4 {[%clk 0:19:20]} 24... Qh4 {[%clk 0:35:48]} 25.
Bxf7+ {[%clk 0:19:24]} 25... Kf8 {[%clk 0:34:34]} 26. Qf5 {[%clk 0:19:14]}
26... Rxf2 {[%clk 0:34:57]} 27. Qc8+ {[%clk 0:19:15]} 27... Kxf7 {
[%clk 0:35:24]} 28. e6+ {[%clk 0:19:08]} 28... Kf6 {[%clk 0:34:28]} 29. Qd8+ {
[%clk 0:16:28]} 29... Ne7 {[%clk 0:34:52]} 30. Qf8+ {[%clk 0:15:34]} 30... Kg6
0-1

[Event "Murta"]
[Site "Xativa"]
[Date "2017.07.20"]
[Round "4.2"]
[White "Granero Roca, Antonio"]
[Black "Nieves Cabanes, Jose Manuel"]
[Result "1-0"]
[ECO "A57"]
[WhiteElo "2387"]
[BlackElo "2277"]
[PlyCount "113"]
[EventDate "2017.??.??"]

1. d4 {[%clk 1:30:54]} 1... Nf6 {[%clk 1:30:54]} 2. c4 {[%clk 1:31:15]} 2... c5
{[%clk 1:31:16]} 3. d5 {[%clk 1:31:26]} 3... b5 {[%clk 1:31:39]} 4. Qc2 {
[%clk 1:31:47]} 4... bxc4 {[%clk 1:26:56]} 5. e4 {[%clk 1:31:06]} 5... d6 {
[%clk 1:25:33]} 6. Bxc4 {[%clk 1:30:46]} 6... g6 {[%clk 1:25:46]} 7. Nc3 {
[%clk 1:29:01]} 7... Bg7 {[%clk 1:26:04]} 8. Nf3 {[%clk 1:28:48]} 8... O-O {
[%clk 1:25:45]} 9. h3 {[%clk 1:29:06]} 9... Ba6 {[%clk 1:21:39]} 10. Nd2 {
[%clk 1:28:08]} 10... Nfd7 {[%clk 1:19:30]} 11. a4 {[%clk 1:25:10]} 11... Ne5 {
[%clk 1:18:41]} 12. Bb5 {[%clk 1:25:29]} 12... e6 {[%clk 1:12:40]} 13. O-O {
[%clk 1:24:38]} 13... exd5 {[%clk 1:12:29]} 14. exd5 {[%clk 1:24:18]} 14... Bc8
{[%clk 1:08:17]} 15. Nde4 {[%clk 1:19:35]} 15... Bf5 {[%clk 1:01:39]} 16. f4 {
[%clk 1:19:05]} 16... Ned7 {[%clk 1:00:23]} 17. g4 {[%clk 1:17:43]} 17... Bxe4
{[%clk 1:00:09]} 18. Qxe4 {[%clk 1:17:25]} 18... Nf6 {[%clk 0:52:52]} 19. Qg2 {
[%clk 1:16:19]} 19... a6 {[%clk 0:50:58]} 20. Be2 {[%clk 1:12:54]} 20... Nbd7 {
[%clk 0:48:27]} 21. Kh1 {[%clk 1:12:59]} 21... Ne8 {[%clk 0:43:31]} 22. f5 {
[%clk 1:11:25]} 22... Be5 {[%clk 0:39:12]} 23. Ne4 {[%clk 1:10:09]} 23... Nef6
{[%clk 0:34:14]} 24. Ng5 {[%clk 1:08:31]} 24... Rb8 {[%clk 0:28:46]} 25. Ra2 {
[%clk 1:06:52]} 25... Rb3 {[%clk 0:28:00]} 26. Nf3 {[%clk 1:05:07]} 26... Ne4 {
[%clk 0:27:20]} 27. Bd1 {[%clk 1:02:01]} 27... Ng3+ {[%clk 0:23:21]} 28. Kg1 {
[%clk 1:02:08]} 28... c4 {[%clk 0:20:23]} 29. Re1 {[%clk 0:59:38]} 29... Rd3 {
[%clk 0:14:38]} 30. Ra3 {[%clk 0:58:14]} 30... Qb6+ {[%clk 0:12:54]} 31. Qf2 {
[%clk 0:53:28]} 31... Rxd1 {[%clk 0:12:33]} 32. Rxd1 {[%clk 0:53:09]} 32...
Ne2+ {[%clk 0:12:57]} 33. Kf1 {[%clk 0:53:11]} 33... Qxf2+ {[%clk 0:12:29]} 34.
Kxf2 {[%clk 0:53:32]} 34... Nxc1 {[%clk 0:12:28]} 35. Nxe5 {[%clk 0:52:53]}
35... Nxe5 {[%clk 0:12:42]} 36. Rxc1 {[%clk 0:53:17]} 36... Nd3+ {
[%clk 0:12:50]} 37. Rxd3 {[%clk 0:53:27]} 37... cxd3 {[%clk 0:13:17]} 38. Ke3 {
[%clk 0:53:07]} 38... gxf5 {[%clk 0:12:24]} 39. gxf5 {[%clk 0:51:18]} 39... Kg7
{[%clk 0:11:34]} 40. Rc6 {[%clk 0:50:46]} 40... Rb8 {[%clk 0:11:17]} 41. Rxd6 {
[%clk 0:50:47]} 41... Rxb2 {[%clk 0:11:18]} 42. Kxd3 {[%clk 0:51:11]} 42... a5
{[%clk 0:10:14]} 43. Ra6 {[%clk 0:50:45]} 43... Rb3+ {[%clk 0:09:47]} 44. Kd4 {
[%clk 0:50:58]} 44... Rb4+ {[%clk 0:08:39]} 45. Ke5 {[%clk 0:51:15]} 45... Rxa4
{[%clk 0:07:58]} 46. f6+ {[%clk 0:51:17]} 46... Kg6 {[%clk 0:08:15]} 47. Ra8 {
[%clk 0:51:20]} 47... Ra1 {[%clk 0:07:53]} 48. Rg8+ {[%clk 0:51:07]} 48... Kh6
{[%clk 0:08:00]} 49. d6 {[%clk 0:46:50]} 49... Re1+ {[%clk 0:07:25]} 50. Kd5 {
[%clk 0:46:54]} 50... Rd1+ {[%clk 0:06:33]} 51. Kc6 {[%clk 0:47:02]} 51... Rc1+
{[%clk 0:06:42]} 52. Kd7 {[%clk 0:47:26]} 52... a4 {[%clk 0:06:17]} 53. Rg3 {
[%clk 0:47:50]} 53... Ra1 {[%clk 0:03:32]} 54. Ke7 {[%clk 0:45:59]} 54... a3 {
[%clk 0:03:35]} 55. d7 {[%clk 0:46:16]} 55... a2 {[%clk 0:03:05]} 56. d8=Q {
[%clk 0:46:19]} 56... Re1+ {[%clk 0:03:16]} 57. Kxf7 {[%clk 0:46:43]} 1-0